COURT OF APPEAL CRIMINAL SESSION NO.0102 OF 2010 ENG. SAMSON BAGONZA VS UGANDA (Record no. 8591)

MARC details
000 -LEADER
fixed length control field 00427nam a22000977a 4500
008 - FIXED-LENGTH DATA ELEMENTS--GENERAL INFORMATION
fixed length control field 190321b xxu||||| |||| 00| 0 eng d
010 ## - LIBRARY OF CONGRESS CONTROL NUMBER
LC control number CACr.SnF125B
245 ## - TITLE STATEMENT
Title COURT OF APPEAL CRIMINAL SESSION NO.0102 OF 2010 ENG. SAMSON BAGONZA VS UGANDA
260 ## - PUBLICATION, DISTRIBUTION, ETC. (IMPRINT)
Date of publication, distribution, etc 2010
500 ## - GENERAL NOTE
Materials specified CORAM: HON.JUSTICE S.B. KAVUMA,DEPUTY CHEIF JUSTICE<br/> HON: JUSTICE ELDAD MWANGUSYA,JA<br/> HON: LADY JUSTICE SOLOMY BALUNGI BOSSA,JA
Holdings
Withdrawn status Lost status Source of classification or shelving scheme Damaged status Koha normalized classification for sorting Not for loan Koha collection Location (home branch) Sublocation or collection (holding branch) Shelving location Date acquired Source of acquisition Koha issues (times borrowed) Koha full call number Piece designation (barcode) Koha date last seen Price effective from Koha item type Public note
    Dewey Decimal Classification   CACR__SNF125B   Reference Law Development Centre Main Library Law Development Centre Main Library Reference 03/21/2019 COURT OF APPEAL KAMPALA   CACr.SnF125B 0021/19 03/21/2019 03/21/2019 Un Reported Cases JUDGEMENT ENTERED 22/5/2015